000 00500nam a22001817a 4500
001 BD-DhSAU 1539
003 BD-DhSAU
005 20150118110952.0
008 150118b ii a|||| |||| 00| 0 eng d
040 _aBD-DhSAU
082 _222
_a631.3
_bMIP
100 _aMichael, A.M.
245 _aPrinciples of agricultural engineering (volume -1) /
_cA.M. Michael & T.P. Ojha
260 _aNew Delhi:
_bJain Brothers,
_c1987
300 _avi, 638 p. ;
_b22 cm.
590 _aAnwar
700 _aOjha, T.P.
942 _2ddc
_cBOOK
999 _c1539
_d1539